00274nam a2200097 a 450000500170000000800410001705000200005810000230007824500470010126000280014820140414132101.0100703s19uu xx 00 eng d aTR 371bDE 2001 ade Ocampo, Maricar aYour guide to pre-schools in Metro Manila. aManila :bAnvil,c2001.